000 00314nam a2200121Ia 4500
005 20251222143303.0
008 251222s9999||||xx |||||||||||||| ||spa||
082 _a460.85/M63
100 _aMiranda, Luis
245 0 _aLa Enseñanza del Castellano en el Perú:
264 _bUniversidad Ricardo Palma
942 _cLIB
999 _c15424
_d15424